000 00878nam a2200241 a 4500
001 BRL_1182
005 20190320211055.0
008 221113s1969----u--a######---#000-0#eng-#
041 _aeng
044 _au
050 4 _aQR82.A35
_b.V47 1969
100 1 _aVestal, Annie L.
_926034
245 1 0 _aProcedures for the isolation and identification of mycobacteria
_c[by] Annie L. Vestal.
260 _aAtlanta
_bNational Communicable Disease Center, Laboratory Consultation and Development Section
_c1969
300 _avii, 118 p., [3 hojas sueltas]
_bil.
_c22 cm.
500 _aPublic Health Service publication no. 1995
500 _aAu1352
504 _aIncluye bibliografía
650 1 4 _aActinomicetales
_926035
710 2 _aEstados Unidos
_bNational Communicable Disease Center - Laboratory Consultation and Development Section
_926036
902 _aGRL
942 _2lcc
_cB
999 _c9994
_d9994